Langue française: le jeu du dictionnaire #5 - Statistiques

Statistiques générales
  • Ce quiz a été pris 559 fois
  • Le résultat moyen est 16 sur 20
Statistiques - réponses
Catégorie Définition Réponse % Correct
Nom Fruit à pulpe verte et à peau marron originaire de Nouvelle-Zélande Kiwi
94%
Nom Sauce épaisse à base de tomates accompagnant, par exemple, des frites Ketchup
93%
Nom Unité de distance valant 1000 mètres Kilomètre
93%
Nom Jupe courte des montagnards écossais Kilt
93%
Nom Avertisseur sonore pour automobiles Klaxon
92%
Verbe Enlever quelqu'un pour réclamer une rançon Kidnapper
91%
Nom Marsupial sauteur d'Australie Kangourou
90%
Nom Art martial japonnais Karaté
90%
Nom Appareil permettant de chanter une musique préenregistrée (avec ou sans paroles) Karaoké
89%
Nom Sandwich fourré de viande grillée à la broche Kebab
89%
Nom Fête en plein air comportant jeu et stands de vente Kermesse
89%
Nom Pilote japonnais qui écrase volontairement son avion remplis d'explosifs sur une cible Kamikaze
86%
Nom Protéine principale de la peau, des poils et des ongles Kératine
85%
Nom Discipline paramédicale intervenant dans la rééducation physique des patients Kinésithérapie
83%
Nom Fusil soviétique Kalashnikov
70%
Nom Appareil contenant plusieurs miroirs et produisant des dessins variés Kaléidoscope
69%
Nom Nom donné à l'empereur d'Allemagne (surtout Guillaume II) Kaiser
65%
Nom Baie sucrée du plaqueminier Kaki
65%
Adjectif Se dit des personnes habitant Astana Kazakh
49%
Nom Taux de potassium dans le sang Kaliémie
17%
Aucun quiz correspondant
Distribution des résultats
% des personnes avec chaque résultat
Percentile par nombre de réponses
Votre historique - résultats
Vous n’avez pas pris ce quiz